|
|
|
|
| LEADER |
00000nab a2200000 a 4500 |
| 001 |
vtls008851472 |
| 003 |
SK-MaSNL |
| 005 |
20260303062729.0 |
| 008 |
061003c20061002xo drz 0 0slo |
| 038 |
|
|
|a KEVKJB
|
| 040 |
|
|
|a KEVKJB
|b slo
|c KEVKJB
|e AACR2
|
| 041 |
0 |
|
|a slo
|
| 044 |
|
|
|a xo
|c SK
|
| 080 |
|
|
|a 726.6
|2 2001
|
| 080 |
|
|
|a 628.973.5
|2 2001
|
| 100 |
1 |
|
|a Sambor, Miroslav
|4 aut
|9 872736
|
| 245 |
1 |
0 |
|a Dóm zažiaril v plnej kráse
|b bavoráci oslávili udalosť Košičanov pitím piva
|c Miroslav Sambor
|
| 300 |
|
|
|b Fotogr.
|
| 610 |
2 |
7 |
|a Dóm sv. Alžbety (Košice, Slovensko)
|2 kevkjb
|9 34070
|
| 650 |
0 |
7 |
|a osvetlenie kostolov
|2 kevkjb
|9 51035
|
| 651 |
|
7 |
|a Košice (Slovensko)
|2 kevkjb
|9 18694
|
| 773 |
0 |
|
|t Košický denník Korzár
|g Roč. IX, č. 226 (2.10.2006), s. 3
|x 1335-4566
|
| 852 |
|
|
|a KEVKJB
|b KIS3GCP
|
| 999 |
|
|
|c 1740345
|d 1742275
|